000 00283nam a2200109 4500
999 _c12178
_d12178
008 190118b ||||| |||| 00| 0 eng d
245 _aFinancial architecture.
260 _aPhilippines
_bManila Bulletin
_cc2018
300 _apage B-6.
650 0 _934490
_aFinance.
942 _2ddc
_cPER